000
00338nam a22001577a 4500
003
SGT
082
_a
615.532
_b
K14C
100
_a
CCRH
245
_a
KEYNOTES OF HOMOEOPATHIC MATERIA MEDICA-1
250
_a
2ND
260
_a
DELHI
_b
CCRH
_c
2014
300
_a
168
650
_a
HOMOEOPATHIC
653
_a
MATERIA MEDICA
942
_2
ddc
_c
BK
999
_c
18207
_d
18207